00492nam a2200193Ia 4500003000900000008004100009040001300050040001300063041000800076100002200084245009400106250001300200260001200213260000900225300001100234300001000245490003600255490000700291IT-RoPAU120407s9999 xx 000 0 und d aIT-RoPAU cIT-RoPAU aita aAlberto J. Soggin aIntroduzione all’Antico Testamento. Dall’esilio alla chiusura del Canone Alessandrino aBrescia  aPaideia c1969 a249 p. c21 cm aBiblioteca di cultura religiosa v16